Najludniejsze Państwa Świata - Statystyki

Ogólne statystyki
  • Ten quiz został rozwiązany 210 razy
  • Średni wynik to 25 z 30
Statystyki odpowiedzi
Populacja Państwo % Poprawnych
1 411 415 000 Chiny
99%
1 411 415 000 Indie
99%
337 341 954 Stany Zjednoczne
98%
217 240 060 Brazylia
95%
84 316 622 Niemcy
95%
142 021 981 Rosja
95%
68 305 148 Francja
93%
124 214 766 Japonia
92%
47 163 418 Hiszpania
91%
129 150 971 Meksyk
91%
107 770 524 Egipt
89%
225 082 083 Nigeria
89%
67 791 400 Wielka Brytania
89%
277 329 163 Indonezja
88%
57 516 665 Południowa Afryka
87%
242 923 845 Pakistan
85%
61 095 551 Włochy
83%
83 047 706 Turcja
82%
86 758 304 Iran
81%
69 648 117 Tajlandia
78%
51 844 834 Korea Południowa
76%
165 650 475 Bangladesz
75%
103 808 319 Wietnam
74%
114 597 229 Filipiny
73%
49 059 221 Kolumbia
71%
55 864 655 Kenia
70%
113 656 596 Etiopia
69%
108 407 721 Dem. Rep. Konga
66%
63 852 892 Tanzania
59%
57 526 449 Mjanma
57%
Nie znaleziono quizów pasujących do podanych kryteriów
Rozkład punktacji
Procent ludzi z każdym wynikiem
Percentyl według liczby udzielonych odpowiedzi
Twoja historia wyników
Nie rozwiązałeś tego quizu